La concentración del poder económico: su teoría, realidad chilena

Sparad:
Bibliografiska uppgifter
Huvudupphovsman: Lagos Escobar, Ricardo (Författare, medförfattare)
Materialtyp: Bok
Språk:spanska
Publicerad: Santiago Del Pacífico 1965
Upplaga:5a. ed
Ämnen:
Taggar: Lägg till en tagg
Inga taggar, Lägg till första taggen!

MARC

LEADER 00000nam a2200000 a 4500
001 UCR7747
003 CL-VaPUC
008 980519e19650000CL |||||||||||||||||spa|d
082 0 4 |a 338.85  |b LAG  |2 21 
100 |a Lagos Escobar, Ricardo  |e author  |9 296002 
245 1 3 |a La concentración del poder económico: su teoría, realidad chilena 
250 |a 5a. ed 
300 |a 181 p 
942 |c BK 
945 |d 19980519 00:00:00  |a crobeson 
260 |a Santiago  |b Del Pacífico  |c 1965 
650 7 |a TRUSTS INDUSTRIALES  |2 CL-VaPUC  |9 256852 
650 0 |a Riqueza  |9 256853 
650 0 |a Presidentes de Chile  |9 268293 
651 7 |a CHILE  |2 CL-VaPUC  |9 409165 
583 |a last modification  |c 19980519 00:00:00  |k Rodrigo Vera 
999 |c 269333  |d 269331 
952 |0 0  |1 0  |4 0  |6 338_850000000000000_LAG_1965  |7 0  |8 X  |9 303047  |a FDOBUD  |b FDOBUD  |d 2019-11-20  |i 1073710  |o 338.85 LAG 1965  |p 1073710  |r 2019-11-20  |w 2019-11-20  |y BK_X  |k BUD